000 00584cam a22002053a 4500
001 42347
003 PGUSA
005 20140828083947.0
008 130316s2013||||xxu|||||s|||||000 | eng d
040 _aPGUSA
_beng
042 _adc
100 1 _aPanzini, Alfredo,
_d1863-1939
245 1 0 _aViaggio di un povero letterato
_h[electronic resource] /
_cAlfredo Panzini
260 _bProject Gutenberg,
_c2013
506 _aPublic domain in the USA.
516 _aElectronic text
830 0 _aProject Gutenberg
_v42347
856 4 0 _uhttp://www.gutenberg.org/ebooks/42347
942 _cEB
999 _c271599
_d271599